Avatar: The Last Airbender Trivia Quiz #3 - Statistics

General Stats
  • This quiz has been taken 981 times
    980 since last reset
  • The average score is 12 of 20
Answer Stats
Hint Answer % Correct
who kisses the most people on screen? Sokka
90%
who "killed" the last dragon? Iroh
87%
who is Sokka trying to find at Boiling Rock? Hakoda
85%
who do Azula, Mai, and Ty Lee dress up as to infiltrate the Earth Kingdom Palace? Kyoshi Warriors
82%
who usurps control of the Dai Li from Long Feng? Azula
79%
which air temple does the mechanist live in? the Northern Air Temple
79%
who does Zuko rescue from beneath Lake Laogai? Appa
76%
who traps Sokka and Katara in rock candy? Bumi
76%
which spirit is called "the face stealer"? koh
76%
what species are the original earthbenders? badgermoles
66%
what fruit do the monks use to connect with baby sky bison? apples
57%
what is the name of the tea shop Iroh opens? The Jasmine Dragon
57%
what move from the waterbending scroll was Katara having issues with? the water whip
56%
who was the avatar from the air nation before Aang? Yangchen
55%
what is the name of the Earth King's bear? Bosco
49%
what is Omashu renamed after the fire nation conquers it? New Ozai
41%
what was Toph's gambling criminal nickname? the Runaway
37%
what is the name of the girl Zuko goes on a date with in Ba Sing Se? Jin
36%
who killed Katara and Sokka's mother? Yon Rha
36%
what did Guru Pathik and Aang eat while at the Eastern Air Temple? onion-banana juice
19%
No matching quizzes found
Score Distribution
Percent of People with Each Score
Percentile by Number Answered
Your Score History
You have not taken this quiz since the last reset